000 00531nam a2200169Ia 4500
008 180921t2017 xxu||||| |||| 00| 0 sin d
041 _asin
080 _a902
_bILA
100 _aIlangasinghe,Sathsara
245 _aශ්‍රී ලාංකේය ආදි වාසීන්ගේ සෙල් චිත්‍ර
246 _aSri Lankeya Adeewaseenge Sel Chithra
260 _bStamford Lake (pvt) Ltd
_aPannipitiya
_c2017
300 _b200p, 27cm
942 _cBK
999 _c2487
_d2487
003 LK-CoDNM
040 _aLK-CoDNM
_dLK-CoDNM
_eLK-CoDNM